000 00808nam a2200253Ia 4500
003 OSt
005 20220928113656.0
006 a|||||r|||| 00| 0
007 ta
008 220927b |||||||| |||| 00| 0 eng d
020 _c4710.6000000000004
024 _a107503
037 _b463, 11/11/2009, Pioneer Book Distributors
_cTextual
040 _aSDCL
_cSDCL
_beng
041 _2eng
_aeng
082 _aV2:193,(Z)'N35, P9
100 _aMuldoon Andrew
_9434403
245 0 _aEmpire, politics and the creation of the 1935 India act
_b Last act of the Raj.
260 _asurrey
_bAshgate
_c2009
300 _avii,278p.
_ccm.
650 _aHistory
942 _hV2:193,(Z)'N35, P9
_cTEXL
_2CC
999 _c750748
_d750748